000 00870nam a2200229Ii 4500
003 JO-AjNU
008 230605s9999||||xx |||||||||||||| ||und||
017 _a2012/9/3298
020 _a978-9957-92-010-4
040 _aJO-AjNU
_bara
_erda
_cJO-AjNU
041 _aara
050 1 4 _aHG4324 2013
100 3 _aعثمان، محمد داود,
_eauthor
_943237
245 0 0 _aادارة وتحليل الائتمان ومخاطره = The Management & Analysis of Credit & its Related Risks
250 _aط1
264 3 1 _aعمان: دار الفكر ناشرون وموزعون، 2013
300 _a499ص
_bيحتوي على ببلوغرافية ومسرد مصطلحات من473-499ص
336 _atext
_btxt
_2rdacontent
337 _aunmediated
_bn
_2rdamedia
338 _avolume
_bnc
_2rdacarrier
650 4 _aالائتمان - ادارة المخاطر
_943238
999 _aA18574
_c22142
_d22142